000 00280 a2200121 4500
001 155460
040 _cEscola São Tomás de Aquino
100 _aBEGHININI, Fabiana
240 1 0 _aUm pedacinho do céu
_lpor
245 1 0 _aUm pedacinho do céu
697 _aCIÊNCIAS
942 _cBK
999 _c155460
_d155460